000 00541nam a2200181Ia 4500
008 151018s9999 xx 000 0 und d
082 _bRBASDV12863
_a891.463
100 _aमधुकर केचे
245 _aवंदे मातरम
250 _b1
260 _bसंतोष साहित्य
_c1979
300 _a154
600 _aमधुकर केचे
630 _aवंदे मातरम
700 _aमधुकर केचे
730 _aवंदे मातरम
942 _cBOOK
999 _c1015105
_d1015102